[Event "Abu Dhabi op 14th"]
[Site "Abu Dhabi"]
[Date "2004.08.17"]
[Round "4"]
[White "Kayumov, Sergey"]
[Black "Chernyshov, Konstantin"]
[Result "0-1"]
[WhiteElo "2404"]
[BlackElo "2585"]
[Annotator "Erenburg,S"]
[PlyCount "80"]
[EventDate "2004.08.14"]
[EventType "swiss"]
[EventRounds "9"]
[EventCountry "UAE"]
[SourceTitle "CBM 103"]
[Source "ChessBase"]
[SourceDate "2004.11.11"]
[SourceVersion "1"]
[SourceVersionDate "2004.11.11"]
[SourceQuality "1"]

1. e4 g6 2. d4 Bg7 3. Nc3 a6 {Usually black plays such moves after d7-d6, but
maybe it is only transposition... At this moment, it is a rare continuation.
Usually black plays} (3... d6) 4. Be3 {White has the following alternatives:} (
4. h4 {1-0 Motylev,A-Chernyshov,K/Krasnoyarsk 2003/CBM 98/[Erenburg] (38)}) (4.
a4 {1-0 Sevillano,E-Minasian,A/Los Angeles 2003/CBM 97_01/[Erenburg] (48)})
4... b5 (4... d6 {- main lines.}) 5. Qd2 Bb7 6. Bd3 {I think white doesn't
need to hurry with f2-f3, but to keep the both options of developing the
kingside knight to f3 or e2.} (6. f3 d6 7. O-O-O Nd7 8. d5 c5 9. dxc6 Bxc6 10.
Nge2 b4 11. Nd5 Bxd5 12. Qxd5 Ngf6 13. Qd2 Qa5 14. Kb1 O-O 15. Bh6 Bxh6 16.
Qxh6 Rfc8 $15 {0-1 Yagupov,I-Chernyshov,K/20th Open, Cappelle la Grande FRA
2004 (42)}) 6... d6 7. a4 b4 8. Nce2 {transfering the knight to kingside, that
seems the most logical. Other possibilities are:} (8. Nd1 a5 9. c3 bxc3 10.
bxc3 Nd7 11. Ne2 Ngf6 12. f3 O-O 13. O-O e5 14. d5 Nc5 15. Bxc5 dxc5 16. Rb1
Ra7 17. Rb5 c6 18. dxc6 Bxc6 19. Rxc5 Bxe4 $15 {0-1 Guido,F-Efimov,I/Bratto
1997/EXT 2000 (31)}) (8. Na2 a5 9. c3 bxc3 10. bxc3 Nf6 11. f3 O-O 12. Ne2 Nbd7
13. O-O c6 14. Bh6 e5 15. Bxg7 Kxg7 16. Rab1 Ba6 17. Bxa6 Rxa6 18. c4 Qc7 19.
Nac3 $14 {1-0 Kontic,D-Vujadinovic,G/Kladovo 1992/EXT 97 (48)}) 8... a5 9. Ng3
{White tried also} (9. c3 bxc3 10. bxc3 Nf6 11. f3 Nbd7 12. Bh6 O-O 13. Bxg7
Kxg7 14. Nh3 e5 15. O-O Nb6 16. Rfb1 Bc6 17. Bb5 Bxb5 18. axb5 Qe7 19. Nf2 Nfd7
$11 {1/2-1/2 Anka,E-Bauer,C/France 1994/EXT 99 (41)}) 9... Nd7 {Twenty years
before, the expert of Pirc continued with} (9... c5 10. c3 bxc3 11. bxc3 cxd4
12. cxd4 Nf6 13. Nf3 O-O 14. Bh6 Bxh6 15. Qxh6 e5 16. O-O Ng4 17. Qd2 Nc6 18.
Rfd1 exd4 19. Bb5 Nce5 20. Nxd4 Qh4 21. Nf1 Nf6 22. f3 $14 {1-0 Dvoirys,
S-Azmaiparashvili,Z/Vilnius 1984/MCD (59)}) 10. Nf3 h5 $5 $146 {Black tries to
emphasize the defect of location of white's knight on g3. On the other hand,
black weakened g5 square, which can be occupied by white's knight. This move
is new. Black tried} (10... c5 11. c3 Ngf6 12. h3 h5 13. Bg5 cxd4 14. cxd4 O-O
15. O-O e5 16. Bh6 Nh7 17. Bxg7 Kxg7 18. Bb5 h4 19. Nxh4 Qxh4 20. Bxd7 Nf6 21.
Bb5 Nxe4 $15 {1/2-1/2 Kinsman,A-Hamdouchi,H/Toulouse 1996/CBM 57 ext (45)}) 11.
h3 {not allowing black to push the "h" pawn to h3.} e6 12. O-O Ne7 13. Ng5 {
Logical continuation. White occupies excellent square g5 by the knight, from
where it can create some threats against black's monarch. Also, at some point
white can push his "f" pawn forward, that can create dangerous initiative.} d5
{Now it's black's turn to get some outpost. In this way, black is going to get
the f5 square for his knight.} 14. exd5 ({Deserves attention} 14. e5 {, that
limits the possibilities of black's dark-squared bishop.} c5 15. c3 $14 {
and white can manage initiative on the kingside.}) 14... Bxd5 {Black prefers
to take with the bishop, as he keeps the knight for an occupation of f5 square.
} 15. c4 {It is recommende to the side with development advantage to open up
the game.} bxc3 16. bxc3 O-O 17. c4 Bc6 $13 {The position isn't so easy for
evaluation. The opponents have completed the development. The pawn structures
are approximately equal, so the side, who plays chess better, will win the
game :)} 18. Nxh5 $2 {White plays creative chess, but not that effective... I
don't really see enough resources for first player for successful attack.
Black has enough pieces to protect his monarch against evil forces. More solid
continuations were better:} (18. Bc2 Nb6 19. Qd3 h4 20. N3e4 Nf5 $15) (18. Be4
Nb6 19. Qd3 $13) 18... gxh5 19. Bh7+ Kh8 20. Qc2 {with the threat of Bg8,
which is unfortunately can be parried very easily...} Nf6 21. d5 exd5 22. Bd4 {
[%cal Yd4f6,Gh7g8] White's attack cannot be successful, as it goes around the
only idea- Bg8. Now white is threatening with capture on f6 and Bg8. But,
black replies with simple} Qd6 $1 $19 {We can resume white's attack as
absolutely unsuccessful: black is a piece up, while white hasn't any attacking
resources...} 23. Rae1 {[%cal Ye1e7,Gh7g8,Gd4f6,Yc2h7] threatening with
capture on e7 and Bg8.} (23. Bg8 Nexg8 $19) (23. Bxf6 Qxf6 $19) 23... Ne4 $1 {
Right decision to change some pieces, that ends white's attack.} 24. Bxe4 dxe4
25. Qe2 ({Doesn't change anything:} 25. Bxg7+ Kxg7 26. Nxe4 Qg6 27. Qc3+ f6 $19
) 25... Qg6 26. Bxg7+ Kxg7 27. f4 ({Of course, after trading the queens white
has no chance:} 27. Nxe4 Bxe4 28. Qxe4 Qxe4 29. Rxe4 Nf5 $19) 27... Nf5 28.
Qb2+ Kg8 29. g4 Qg7 $1 {Black is taking control over the long diagonal, giving
white no chance.} 30. Qxg7+ (30. Qg2 hxg4 31. hxg4 Nd6 $19) 30... Nxg7 31. f5
f6 32. Nxe4 Bxe4 33. Rxe4 Rfe8 {Black is a piece up, so the rest is an easy
job for him.} 34. Rd4 Rad8 35. Rfd1 Re1+ 36. Rxe1 Rxd4 37. g5 Nxf5 38. Rf1 Nd6
39. c5 Ne4 40. gxf6 Kf7 0-1

[Event "Los Angeles"]
[Site "Los Angeles"]
[Date "2003.08.19"]
[Round "2"]
[White "Minasian, Artashes"]
[Black "Kretchetov, Alexandre"]
[Result "1-0"]
[WhiteElo "2571"]
[BlackElo "2335"]
[Annotator "Erenburg,S"]
[PlyCount "86"]
[EventDate "2003.08.18"]
[EventType "tourn"]
[EventRounds "9"]
[EventCountry "USA"]
[EventCategory "10"]
[SourceTitle "CBM 097"]
[Source "ChessBase"]
[SourceDate "2003.11.11"]
[SourceVersion "1"]
[SourceVersionDate "2003.11.11"]
[SourceQuality "1"]

1. e4 c6 2. d4 g6 3. c3 d5 4. e5 h5 {Black prepares to realize typical plan
for such type of positions- to transfer the knight from g8 to f5.} 5. h3 {
White prevents the exchange of black's light-squared bishop, which is usually
passive in this variation.} (5. Nf3 Bg4) 5... Nh6 6. Nf3 Nf5 7. g3 {White
doesn't allow black to "freeze" the kingside with h5-h4. This move saves
option for white to provide at comfortable moment the breakthrough g3-g4.} Qb6
8. Bg2 a5 {White's space advantage is quite big, especially on the king side.
Black cannot allow to give up on the space on the queenside as well.} 9. O-O e6
{Now we understand the importance of the white's 5-th move. Black's
light-squared bishop is absolutely out of the game.} 10. Na3 {In the positions,
with the "french" pawn structure, it is typical idea to transfer the knight to
c2 via a3, from where it supports the d4 pawn, as well as it can occupy this
stronghold in the future.} c5 {Black is liberating the c6 square for his
knight, at the same time, he gets the option to transfer his passive
light-squared bishop to the diagonal a6-f1.} ({Very bad is} 10... Bxa3 11. bxa3
{and white is going to take control over the dark squares in the black camp.})
11. Nc2 Nc6 ({Logical alternative to the continuation in the game is firstly,
to transfer the light-squared bishop to b5 and after it to play Nc6.} 11... Bd7
) 12. Rb1 Be7 13. Bf4 Bd7 14. dxc5 $1 {After white strengthened the e5 pawn,
he can take on c5 with following occupation of central square d4 by the knight.
} Bxc5 15. Qd2 Qc7 (15... h4 16. g4 $1 (16. Kh2 hxg3+ 17. fxg3 $13) 16... Ng3 {
[%cal Yg3e4]} 17. Rfe1 Ne4 18. Rxe4 dxe4 19. Ng5 $44) 16. Rfe1 $14 {White's
position is better, thanks to a space advantage. Black has some problems with
completing the development. It is not so clear what to do with the black
monarch- it is dangerous to castle short, in view of g3-g4, and, on the other
hand, the long castle isn't the option for black, due to b2-b4.} b5 $2 {
[%csl Gb5][%cal Yd7b5] I don't really understand the idea of this move. Except
of to create the weak pawn to himself, this move doesn't give anything.} (16...
Rc8 $142) 17. b4 $1 {Very logical. Now white fixes the black's weakness on the
b5.} Be7 (17... Bb6 18. a3 $14 {[%cal Gf4g5]}) 18. a3 Rc8 19. Rbc1 Qb6 20. Ne3
({The trade of the dark-squared bishops has to be the next stage of the
white's plan.} 20. Bg5 $5) 20... Rc7 $2 ({I think, that the least of the evils
was not to allow white to take on f5, afterware, black's kingside pawns will
be weak.} 20... Nxe3 21. Bxe3 {[%cal Ye3g5]}) 21. Nxf5 gxf5 22. h4 {fixing the
weakness on the h5.} Rg8 23. Ng5 $16 {Now white is going to take the h5 pawn,
while black hasn't anything to do agaist it.} axb4 $2 {only helps white. But
it isn't an easy job to give the advice to black.} 24. cxb4 Rc8 25. Bf3 Rh8 26.
Qd1 {Black is hopeless against white's threats.} Ra8 27. Rc3 Qd4 28. Rd3 Qb6
29. Bxh5 Nd8 30. Rc3 $18 {White is a pawn up, black hasn't any compensation
for it, overmore, almost all his pieces are very passive and his king is
vulnerable in the centre. All these factors promise white a decisive advantage.
} Bc6 31. Be3 Qb7 32. Be2 Ra6 33. Qd3 {Now white is going to consolidate his
rooks on the "c" line.} Qa8 34. Rec1 Bd7 {There is nothing to do for the
white's knight on g5, so white transfers it to d4, from where it attacks the
b5 pawn.} 35. Nf3 $1 Kf8 ({Doesn't help:} 35... Rc6 36. Nd4 Rc4 37. Qd2 $18)
36. Rc7 $1 {wins on the spot.} (36. Nd4 $18 {strong enough as well.}) 36...
Rxa3 37. R1c3 Ra1+ ({After} 37... Rxc3 {black loses in any case:} 38. Qxc3 Be8
39. Rxe7 Kxe7 40. Qc5+ Kd7 41. Nd4 $18 {[%cal Ye2b5]}) 38. Kh2 Bc6 {Other
continuations don't change anything:} (38... Ke8 39. Nd4 {[%cal Gd4b5]} Bxb4 (
39... Bxh4 40. gxh4 Rxh4+ 41. Kg2 Rah1 (41... Rhh1 42. Bc1 $18) 42. Bf4 Qa1 43.
Rc1) 40. Rxd7 Bxc3 41. Qxc3 $18) (38... Be8 39. Rc8 Qa6 40. Bc5 $18 (40. R3c7
$18)) 39. Qd4 $18 {[%cal Yc7e7] White wins by the nice way.} (39. Nd4 $18)
39... Ra4 (39... Ra2 40. Bd3 Ra3 41. Bg5 Bxg5 42. Rxa3 Qxa3 43. Nxg5 $18) 40.
Rxe7 $1 {Final accord.} Kxe7 41. Qc5+ Ke8 42. Nd4 Qa7 (42... Bd7 43. Nxb5 $18)
43. Qxa7 Rxa7 (43... Rxa7 44. Nxc6 $18) 1-0

[Event "EU-chT (Men) 14th"]
[Site "Plovdiv"]
[Date "2003.10.11"]
[Round "1.3"]
[White "Morozevich, Alexander"]
[Black "Chatalbashev, Boris"]
[Result "1-0"]
[WhiteElo "2702"]
[BlackElo "2534"]
[Annotator "Erenburg,S"]
[PlyCount "101"]
[EventDate "2003.10.10"]
[EventType "team-swiss"]
[EventRounds "9"]
[EventCountry "BUL"]
[SourceTitle "CBM 098"]
[Source "ChessBase"]
[SourceDate "2004.02.03"]
[SourceVersion "1"]
[SourceVersionDate "2004.02.03"]
[SourceQuality "1"]
[WhiteTeam "Russia"]
[BlackTeam "Bulgaria"]
[WhiteTeamCountry "RUS"]
[BlackTeamCountry "BUL"]

1. e4 g6 2. d4 Bg7 3. Nc3 d6 4. Be3 a6 5. f4 {White has many other theoretical
possibilities, but this one looks as the most principal.} b5 6. Nf3 {White has
the following alternatives:} (6. Be2 {1-0 Sokolov,A-Bricard,E/Val d'Isere 2002/
CBM 91/[Finkel,A] (44)}) (6. Bd3 {1/2-1/2 Goloshchapov,A-Azmaiparashvili,Z/
Ohrid 2001/CBM 84/[Finkel,A] (42)}) 6... Bb7 (6... b4 $5 {1/2-1/2 Alekseev,
E-Lastin,A/St Petersburg 2000/CBM 76/[Finkel,A] (47)}) 7. Bd3 Nd7 {Another
logical continuation is} (7... Nf6 {1/2-1/2 Svidler,P-Ponomariov,R/Biel 2000/
CBM 79/[Wells] (28)}) 8. e5 {limitting the possibilities of the black's
dark-squared bishop.} c5 {Black attacks white's pawn construction in the
center, otherwise, white will get a clear advantage. Black tried also} (8...
Nh6 {[%csl Rf5,Rg4][%cal Yh6f5,Yh6g4] 0-1 Ye Jiangchuan-Bacrot,E/Batumi 2001/
CBM 86/[Gofshtein,L] (59)}) (8... Nb6 9. O-O e6 10. a4 b4 11. Ne4 Ne7 12. Bf2
Bxe4 13. Bxe4 Nbd5 14. a5 $1 $14 {Tiviakov,S-Azmaiparashvili,Z/Groningen 1994})
9. Be4 {White is going to change the most active black piece- the
light-squared bishop.} (9. O-O cxd4 10. Bxd4 dxe5 11. fxe5 Nxe5 12. Bxe5 Bxe5
13. Bxb5+ axb5 14. Qxd8+ Rxd8 15. Nxe5 $14 {De Vilder,H-Jonker,M/Dieren op 1997
}) (9. Ng5 cxd4 (9... Nf8 10. dxc5 dxe5 11. Qe2 f6 12. O-O-O Qc8 13. Nh3 Nd7
14. fxe5 Nxe5 15. Nf4 $14 {Acs,P-Agrest,E/Budapest 1997}) 10. e6 f5 $5 11. Bxf5
$5 Ndf6 12. Bxg6+ hxg6 13. Qd3 Nh6 14. Qxg6+ Kf8 15. Bxd4 Qe8 $15 {San Segundo
Carrillo,P-Hillarp Persson,T/Elista 1998}) 9... Bxe4 (9... Qc8 10. Bxb7 $5 (10.
Ng5 $5 {1-0 Pavasovic,D-Touzane,O/Leipzig 2002/CBM 89/[Finkel,A] (41)}) 10...
Qxb7 {1-0 Grischuk,A-Bacrot,E/Dubai 2002/CBM 89/[Finkel,A] (26)}) 10. Nxe4 Nh6
{Black is going to occupy the f5 square by the knight.} (10... cxd4 11. Bxd4
dxe5 12. fxe5 Nh6 13. e6 Nf6 14. Qe2 Qa5+ 15. c3 O-O 16. Neg5 $16 {1-0 Adams,
M-Bezold,M/England 2001/EXT 2002 (23)}) 11. Qe2 $146 {The idea of this novelty
is to castle long as quick as possible in order to put pressure on the black
through the centre. In the previous games white continued} (11. dxc5 Ng4 12.
Qe2 dxe5 13. O-O-O $1 Qc7 14. fxe5 Ngxe5 15. Bf4 Nd3+ 16. Rxd3 Qxf4+ 17. Kb1
$36 {Lalic,B-Polzin,R/Dresden op 1998}) (11. c3 cxd4 12. cxd4 Nb6 13. O-O Nd5
14. Bd2 O-O 15. Qb3 dxe5 16. fxe5 Rc8 17. Bg5 Rc7 18. Nc5 $14 {1/2-1/2 Fercec,
N-Chatalbashev,B/5th ZNG111 GM, Opatija CRO 2003 (25)}) 11... cxd4 (11... Nf5
12. O-O-O (12. dxc5 dxe5 13. c6 Nb8 14. Nxe5 Qc7) 12... cxd4 13. Bxd4 {-see
the game.}) 12. Bxd4 Nf5 13. O-O-O Nxd4 {It is important to eliminate white's
dark-squared bishop before the castle:} (13... d5 $2 14. e6 $1 fxe6 15. Neg5
$16) (13... dxe5 $2 14. Bxe5) (13... O-O $2 14. exd6) 14. Rxd4 O-O {It was
necessary to solve the monarch's problem right now. Other moves allow white to
get an obvious advantage:} (14... dxe5 15. Nxe5 Bxe5 16. fxe5 Qb6 17. Rhd1 Nxe5
18. Nd6+ $1 $16) (14... Qa5 $2 15. e6 $1 Bxd4 (15... fxe6 16. Nxd6+ $1) 16.
exd7+ Kxd7 17. Nxd4 Qxa2 18. Nb3 $16) 15. Rhd1 {White succeeded to consolidate
all his pieces and has strong pressure in the center.} Rc8 (15... Qa5 16. Kb1)
(15... Nb6 16. R4d3 Nc4 17. b3 $1) 16. Kb1 {Good prophylactic move. Now white
is threatening to capture on d6.} ({Interesting alternative to the move in the
game was} 16. Nxd6 exd6 17. Rxd6 Qa5 18. Rxd7 Qxa2 19. Qd3 Qa1+ 20. Kd2 Qxb2
21. Qb3 Qxb3 22. cxb3 $14) 16... Re8 $2 {Quite serious mistake, which allows
white to get an advantage. Better was} (16... Nb6 $1 17. h4 $1 (17. exd6 Bxd4
18. Rxd4 Nc4 $17) (17. R4d3 Nc4 18. c3 b4) 17... Nc4 (17... Qd7) 18. Ned2 Nb6
19. h5 Qd7 $13) 17. e6 $1 fxe6 18. Neg5 Nf8 ({After} 18... e5 {white gets a
slight advantage as well:} 19. Ne6 Qb6 20. Nxg7 Kxg7 21. fxe5 Nxe5 22. Nxe5
dxe5 23. Qxe5+ Qf6 24. Qe3 $14) 19. Nxe6 Qd7 20. Nxg7 Kxg7 21. Re4 $14 {
White's chances are preferable, thanks to a better pawn structure and to more
active pieces.} Rc5 22. Re1 e6 23. Qf2 Rd5 24. Kc1 ({Probably stronger was} 24.
Qb6 Qc8 25. Rd4) 24... Qc7 25. Ng5 e5 26. fxe5 dxe5 $6 {allowing white to get
more obvious advantage. Better was to change one of the rooks:} (26... Rdxe5
27. Rf1 Qe7 28. Rxe5 dxe5 29. Qe3 Kg8 $14) 27. Rf1 Qe7 28. Qf7+ $2 {missing
more attractive continuation:} (28. Qh4 $1 Kg8 (28... Red8 29. c4 $1 bxc4 30.
Rf7+ $18) 29. Rf7 Qc5 (29... Red8 30. b4 $1 $18 {closing the a3 square for the
queen.}) 30. Rxf8+ Kxf8 31. Nxh7+ $1 $18) 28... Qxf7 29. Rxf7+ Kg8 30. Ra7 Nd7
$2 {Now it's black's turn to make mistake. The following possibilities promise
more for black:} (30... Red8 31. b4 Rd1+ 32. Kb2 R1d2 33. Rxe5 Nd7 (33... Rc8
34. Rc5 $16) 34. Re3 $1 (34. Re7 Rc8 $11) 34... Nf6 {with some chances.}) (
30... h6 31. Nf3 (31. Nf7 h5) 31... Re6 32. b3 Nh7 $1 {with good chances for
draw.} (32... Nd7 33. c4)) 31. Rh4 (31. Rxa6 $1 {looks even stronger.} Rf8 (
31... Nc5 32. Rc6 Ra8 (32... Nxe4 33. Nxe4 $16) 33. Rh4 Rxa2 34. b3 $16) 32. b4
$1 Rf2 33. Rh4 Rdd2 (33... Rxg2 34. Ra8+ Kg7 35. Rxh7+ Kf6 36. Nf3 $1 $16 {
[%cal Ga8a6]}) 34. Ra8+ Nf8 35. Rc8 Rxg2 36. Re4 $16) 31... Rf8 32. b3 h5 (
32... Rf1+ {doesn't change anything:} 33. Kb2 Rf5 34. Ra8+ Nf8 35. Ne4 $1 $16 (
35. Nxh7 Rd2 $14)) 33. Rxa6 $16 {White is a pawn up, now he needs to convert
his obvious advantage into a full point.} Rf6 (33... Rf1+ 34. Kb2 Kg7 35. Ne4
Rd4 $16) 34. Rxf6 Nxf6 35. Rb4 Ng4 36. Ne4 $1 {White is going to capture the
b5 pawn.} Kg7 37. Nc3 Rc5 38. Kd2 (38. Nxb5 {was simplier.}) 38... Nxh2 ({
The last chance was} 38... Nf6 39. a3 $1 (39. Nxb5 $141 Nd5 40. Ra4 Rxb5 41. c4
Rc5 $16) (39. Rxb5 $141 Ne4+) 39... g5 40. Rxb5 Ne4+ 41. Ke3 $18) 39. Rxb5 $18
{White has three connected pawns on the queenside, which is going to be pushed
forward. It is enough to win the game.} Nf1+ 40. Kd3 e4+ 41. Kd4 Rc7 42. Rc5
Rd7+ 43. Kxe4 Rd2 44. a4 Rxg2 (44... Rxc2 45. a5) 45. a5 h4 46. a6 Rf2 (46...
h3 47. Rc7+ $1 Kh6 (47... Kf6 48. a7 $18) 48. Rc8 $18) 47. Rc7+ Kh6 48. Rc8 Rf7
49. Nb5 Ng3+ 50. Kd3 Rd7+ 51. Ke3 1-0